[Event "1st Milk Masters"]
[Site "Selfoss ISL"]
[Date "2002.10.08"]
[Round "1"]
[White "Hracek,Z"]
[Black "Kristjansson,S"]
[Result "0-1"]
[WhiteElo "2607"]
[BlackElo "2431"]
[EventDate "2002.10.08"]

1. e4 e6 2. d4 d5 3. Nc3 Bb4 4. e5 Ne7 5. a3 Bxc3+ 6. bxc3 c5 7. Qg4 Kf8 8.
Bd2 b6 9. Nh3 Ba6 10. Bxa6 Nxa6 11. O-O Rc8 12. Nf4 cxd4 13. cxd4 Nf5 14.
c3 Rc4 15. Qf3 h5 16. h3 g6 17. g4 hxg4 18. hxg4 Qh4 19. Qg2 Nc5 20. dxc5
g5 21. cxb6 axb6 22. Qh3 Qxh3 23. Nxh3 Rxg4+ 24. Kh2 Nh4 25. f3 Rg2+ 26.
Kh1 Rxd2 0-1

[Event "1st Milk Masters"]
[Site "Selfoss ISL"]
[Date "2002.10.08"]
[Round "1"]
[White "Tregubov,P"]
[Black "Olafsson,H"]
[Result "1/2-1/2"]
[WhiteElo "2594"]
[BlackElo "2476"]
[EventDate "2002.10.08"]

1. d4 Nf6 2. c4 e6 3. Nf3 b6 4. g3 Ba6 5. Nbd2 d5 6. Bg2 Be7 7. O-O O-O 8.
Ne5 Bb7 9. cxd5 Bxd5 10. e4 Bb7 11. Qc2 c5 12. dxc5 Qc7 13. Nec4 Bxc5 14.
Nb3 Nc6 15. e5 Nb4 16. Qe2 Bxg2 17. Kxg2 Nd7 18. Rd1 Nd5 19. Bd2 b5 20.
Nxc5 bxc4 21. Nxd7 Qxd7 22. Kg1 Rab8 23. Bc3 Qb5 24. Rd4 Rfc8 25. Rad1 Rc5
26. Qh5 Qa4 27. Rh4 Qc2 28. Rd2 Qg6 29. Qxg6 hxg6 30. Re4 g5 31. Bd4 Ra5
32. a3 Rb3 33. Rc2 Ra4 34. Bc5 a6 35. h3 Kh7 36. Rexc4 Rxc4 37. Rxc4 Rxb2
38. Ra4 Rc2 39. Ba7 Rc6 40. h4 gxh4 41. Rxh4+ Kg6 42. Rg4+ Kh6 43. Bb8 g5
44. Ra4 Kh5 45. Kf1 g4 46. Ke1 Kg5 47. Kd2 Kf5 48. Ba7 Kxe5 49. Rxg4 Rc7
50. Bb8 Kf5 51. Ra4 Rb7 52. g4+ Kg5 53. Be5 1/2-1/2

[Event "1st Milk Masters"]
[Site "Selfoss ISL"]
[Date "2002.10.09"]
[Round "2"]
[White "Sokolov,I"]
[Black "Thorfinnsson,Br"]
[Result "1-0"]
[WhiteElo "2684"]
[BlackElo "2357"]
[EventDate "2002.10.08"]

1. d4 Nf6 2. c4 e6 3. Nf3 b6 4. Nc3 Bb4 5. Bg5 Bb7 6. Nd2 h6 7. Bh4 c5 8.
a3 Bxc3 9. bxc3 d6 10. f3 e5 11. d5 Nbd7 12. e3 Qe7 13. Bd3 g5 14. Bf2 Kd8
15. a4 a5 16. Qb3 Ba6 17. Bf5 Kc7 18. h4 e4 19. fxe4 Ne5 20. Rb1 Rhb8 21.
hxg5 hxg5 22. Bg3 Qe8 23. Rh6 Nfd7 24. Kd1 Nf8 25. Kc2 Nfg6 26. Bxg6 Nxg6
27. Rf1 Qg8 28. Rf6 Rd8 29. e5 Qg7 30. Rhxg6 fxg6 31. Ne4 Bc8 32. e6 1-0

[Event "1st Milk Masters"]
[Site "Selfoss ISL"]
[Date "2002.10.09"]
[Round "2"]
[White "Olafsson,H"]
[Black "Oral,T"]
[Result "1-0"]
[WhiteElo "2476"]
[BlackElo "2546"]
[EventDate "2002.10.08"]

1. Nf3 c5 2. c4 Nc6 3. d4 cxd4 4. Nxd4 e6 5. Nb5 d6 6. g3 a6 7. N5c3 Nf6 8.
Bg2 Be7 9. O-O O-O 10. b3 Qc7 11. Bb2 b6 12. Nd2 Bb7 13. Rc1 Ne5 14. Nde4
Nxe4 15. Nxe4 f5 16. Nd2 Bxg2 17. Kxg2 Qb7+ 18. Kg1 Bf6 19. Rc2 b5 20. Bxe5
dxe5 21. e4 Rad8 22. Qe2 Rd4 23. Re1 Bg5 24. exf5 exf5 25. cxb5 Bxd2 26.
Rxd2 Rxd2 27. Qxd2 Qxb5 28. Qd6 e4 29. Rc1 h6 30. Rc7 Qe2 31. Rc8 Rxc8 32.
Qe6+ Kf8 33. Qxc8+ Ke7 34. Qxf5 Kd6 35. b4 g5 36. Kg2 g4 37. Qc5+ Ke6 38.
Qc1 Kd5 39. a4 Qc4 40. Qxh6 Qxb4 41. Qxa6 Qa3 42. Qb7+ Kd4 43. Qg7+ Kd3 44.
Qd7+ Kc3 45. Qd1 Qa2 46. a5 1-0

[Event "1st Milk Masters"]
[Site "Selfoss ISL"]
[Date "2002.10.09"]
[Round "2"]
[White "Stefansson,H"]
[Black "Kristjansson,S"]
[Result "1-0"]
[WhiteElo "2566"]
[BlackElo "2431"]
[EventDate "2002.10.08"]

1. d4 Nf6 2. c4 e6 3. Nf3 b6 4. g3 Ba6 5. b3 Bb7 6. Bg2 Bb4+ 7. Bd2 a5 8.
O-O O-O 9. Qc2 d6 10. Bc3 Nbd7 11. a3 Bxc3 12. Nxc3 c6 13. e4 Qc7 14. Rfe1
e5 15. Rad1 Rfe8 16. Qb2 Ba6 17. Bf1 h6 18. Nh4 g6 19. Qd2 Kg7 20. f4 Rad8
21. Qf2 c5 22. d5 Re7 23. Bh3 Nf8 24. Nf3 Rde8 25. fxe5 Rxe5 26. Nxe5 Rxe5
27. Bg2 Bc8 28. Nb5 Qe7 29. b4 N8h7 30. bxc5 bxc5 31. Rf1 Bd7 32. Rb1 g5
33. Nc3 Bc8 34. Rb8 Ba6 35. Qe2 Nxd5 36. Nxd5 Rxd5 37. Rb6 Re5 38. Rxa6 Nf6
39. Qd3 Re6 40. Rb6 1-0

[Event "1st Milk Masters"]
[Site "Selfoss ISL"]
[Date "2002.10.10"]
[Round "3"]
[White "Hracek,Z"]
[Black "Sokolov,I"]
[Result "0-1"]
[WhiteElo "2607"]
[BlackElo "2684"]
[EventDate "2002.10.08"]

1. e4 e5 2. Nf3 Nc6 3. Bb5 a6 4. Ba4 Nf6 5. O-O Be7 6. Re1 b5 7. Bb3 d6 8.
c3 O-O 9. h3 h6 10. d4 Re8 11. Nbd2 Bf8 12. Nf1 Bd7 13. Ng3 Na5 14. Bc2 c5
15. b3 Nc6 16. d5 Ne7 17. Be3 Ng6 18. Qd2 Nh7 19. a4 Be7 20. Nf5 Bxf5 21.
exf5 Nh4 22. Nxh4 Bxh4 23. axb5 axb5 24. Bd3 Rxa1 25. Rxa1 Qd7 26. Qe2 c4
27. bxc4 bxc4 28. Bc2 Rc8 29. Ra7 Qd8 30. Qg4 Bg5 31. Bxg5 hxg5 32. Qh5 Qf8
33. Bd1 Ra8 34. Ra4 Qc8 35. Rxa8 Qxa8 36. Kh2 Qxd5 37. Qe2 0-1

[Event "1st Milk Masters"]
[Site "Selfoss ISL"]
[Date "2002.10.10"]
[Round "3"]
[White "Tregubov,P"]
[Black "Stefansson,H"]
[Result "1/2-1/2"]
[WhiteElo "2594"]
[BlackElo "2566"]
[EventDate "2002.10.08"]

1. d4 Nf6 2. c4 e6 3. Nf3 b6 4. g3 Ba6 5. Nbd2 Bb4 6. Qc2 c5 7. e4 Bb7 8.
Bd3 cxd4 9. Nxd4 Bc5 10. N2f3 Nc6 11. Nxc6 Bxc6 12. O-O O-O 13. Bd2 Rc8 14.
Bc3 h6 15. Rad1 Be7 16. Qe2 Qc7 17. e5 Nh7 18. h4 Ba8 19. Nd4 f5 20. Kh2
Rf7 21. f4 Qd8 22. h5 Nf8 23. Kh3 Bc5 24. g4 Bxd4 25. Bxd4 fxg4+ 26. Qxg4
Qc7 27. Rg1 Re8 28. Qg3 Ree7 29. Qe3 Qc6 30. Rg3 Rf5 31. Bxf5 exf5 32. Qa3
Rf7 33. Qd3 Ne6 34. Be3 Qa4 35. Qb3 Qc6 36. Qd3 Qa4 37. Qb3 Qc6 38. Qc2 Kh7
39. b3 b5 40. Qd3 a6 41. cxb5 axb5 42. Rc1 Qb7 43. a4 bxa4 44. bxa4 Qb4 45.
Qc4 Qb2 46. a5 Be4 47. a6 Rf8 48. a7 Qb7 49. Qf1 Ra8 50. Qf2 Qb4 51. Rd1
Qa4 52. Rd6 Kh8 53. Rg1 Rd8 54. Qg3 Rg8 55. Rgd1 Bc6 56. Rb1 Qe4 57. Rdd1
g5 58. Rb8 Kh7 59. Rxg8 Kxg8 60. Rc1 Bd5 61. Rd1 Bc6 62. Rc1 Bd5 63. Rd1
1/2-1/2

[Event "1st Milk Masters"]
[Site "Selfoss ISL"]
[Date "2002.10.11"]
[Round "4"]
[White "Sokolov,I"]
[Black "Kristjansson,S"]
[Result "1-0"]
[WhiteElo "2684"]
[BlackElo "2431"]
[EventDate "2002.10.08"]

1. d4 e6 2. c4 Nf6 3. Nf3 b6 4. Nc3 Bb4 5. Qc2 Bb7 6. a3 Bxc3+ 7. Qxc3 Ne4
8. Qc2 f5 9. e3 O-O 10. Be2 d6 11. O-O Nd7 12. b4 Rf6 13. d5 exd5 14. Bb2
Rg6 15. Rad1 dxc4 16. Bxc4+ Kh8 17. Bd5 c6 18. Bxc6 Rc8 19. b5 Ng5 20. Qxf5
Bxc6 21. bxc6 Rxc6 22. Nh4 Rh6 23. g3 Rc5 24. Rd5 Ne6 25. Rfd1 Qe8 26. Qe4
Rxd5 27. Qxd5 Nec5 28. Nf5 Rg6 29. Nxd6 Qe6 30. Qa8+ 1-0

[Event "1st Milk Masters"]
[Site "Selfoss ISL"]
[Date "2002.10.11"]
[Round "4"]
[White "Tregubov,P"]
[Black "Oral,T"]
[Result "1-0"]
[WhiteElo "2594"]
[BlackElo "2546"]
[EventDate "2002.10.08"]

1. d4 Nf6 2. c4 g6 3. Nc3 d5 4. Bf4 Bg7 5. e3 c5 6. dxc5 Qa5 7. Rc1 dxc4 8.
Bxc4 O-O 9. Nge2 Qxc5 10. Qb3 Nc6 11. Nb5 Qh5 12. Ng3 Qh4 13. Nc7 g5 14.
Bxg5 Qxg5 15. Nxa8 Bd7 16. Qxb7 Rb8 17. Qc7 Rxa8 18. Ba6 Qg4 19. O-O Nd5
20. Qb7 Rb8 21. h3 Rxb7 22. hxg4 Rxb2 23. Rfd1 e6 24. e4 Nb6 25. Nh5 h6 26.
Nxg7 Kxg7 27. a4 Na5 28. Rc7 Bxa4 29. Rd6 Bb5 30. Bxb5 Rxb5 31. Rxe6 Nac4
32. Ree7 Ne5 33. f4 Ned7 34. e5 a5 35. Rexd7 Nxd7 36. Rxd7 Rb4 37. g3 Kf8
38. Ra7 Ra4 39. Kg2 Ra3 40. Ra8+ Ke7 41. Ra6 Ra1 42. Kf3 1-0

[Event "1st Milk Masters"]
[Site "Selfoss ISL"]
[Date "2002.10.12"]
[Round "5"]
[White "Kristjansson,S"]
[Black "Olafsson,H"]
[Result "1/2-1/2"]
[WhiteElo "2431"]
[BlackElo "2476"]
[EventDate "2002.10.08"]

1. e4 c6 2. d4 d5 3. Nd2 dxe4 4. Nxe4 Bf5 5. Ng3 Bg6 6. N1e2 e6 7. Nf4 Qh4
8. Be2 Nd7 9. c3 Bd6 10. Nxg6 hxg6 11. Qd3 Ngf6 12. Bd2 O-O-O 13. O-O-O Bf4
14. Kb1 Bxd2 15. Qxd2 g5 16. h3 Qf4 17. Bf3 Qxd2 18. Rxd2 Kc7 19. Re1 Rh4
20. Kc2 Rdh8 21. b3 Rf4 22. Ne2 Rfh4 23. Ng3 g6 24. c4 Rd8 25. d5 cxd5 26.
cxd5 e5 27. d6+ Kb6 28. Kb2 a6 29. a3 Re8 30. Bd5 Rf8 31. f3 Rd4 32. Rxd4
exd4 33. Be4 Nc5 34. Rd1 Ne6 35. Ne2 Nxe4 36. fxe4 Kc5 37. b4+ Kc4 38. Nc1
Rd8 39. Nd3 f6 40. e5 Nf4 41. Nxf4 gxf4 42. Rc1+ Kd5 43. exf6 Kxd6 44. Re1
Rf8 45. Re4 Rxf6 46. Rxd4+ Ke5 47. Rd7 b5 48. a4 Rd6 49. Re7+ Kd4 50. Kb3
Rc6 51. Rd7+ Ke3 52. axb5 axb5 53. Rd5 Kf2 54. Rg5 Kg1 55. Rg4 Kf2 56.
Rxf4+ Kxg2 57. h4 Kg3 58. Re4 Kh3 59. Re5 Kxh4 60. Rxb5 g5 61. Rc5 Rg6
1/2-1/2

[Event "1st Milk Masters"]
[Site "Selfoss ISL"]
[Date "2002.10.12"]
[Round "5"]
[White "Thorfinnsson,Br"]
[Black "Tregubov,P"]
[Result "0-1"]
[WhiteElo "2357"]
[BlackElo "2594"]
[EventDate "2002.10.08"]

1. d4 d5 2. Nf3 c6 3. c4 e6 4. e3 Bd6 5. Nc3 f5 6. Be2 Nf6 7. O-O O-O 8.
Ne1 b6 9. f4 Bb7 10. cxd5 exd5 11. Nd3 c5 12. Ne5 Nc6 13. Bf3 cxd4 14. Nxc6
Bxc6 15. exd4 Kh8 16. Qb3 Be7 17. a4 Qd7 18. Bd2 Rfd8 19. Rfd1 Rac8 20.
Rac1 Qb7 21. Be3 h6 22. h3 Qd7 23. Be2 Ne4 24. Ba6 Rb8 25. Bb5 Bxb5 26.
axb5 Nf6 27. Ne2 Rbc8 28. Rxc8 Rxc8 29. Rc1 Re8 30. Rc6 Bd8 31. Ng3 a6 32.
Bf2 axb5 33. Qc2 Ne4 34. Nxe4 dxe4 35. Be3 Bf6 36. Qc3 b4 37. Qc4 Rd8 38.
Rc7 b5 39. Qc2 b3 40. Qc1 Qd6 41. Rc6 Qe7 42. Rc7 Qf8 43. Qc3 Qd6 44. Rc8
Kh7 45. Rxd8 Qxd8 46. Qc5 Qd7 47. Kf2 Kg6 48. Ke2 h5 49. Kf2 h4 50. Ke2 Qb7
51. Kf2 Qa6 52. g4 hxg3+ 53. Kxg3 Qa1 54. Qxb5 Bh4+ 55. Kg2 Qxb2+ 56. Kh1
Qb1+ 57. Bg1 Qd1 0-1

[Event "1st Milk Masters"]
[Site "Selfoss ISL"]
[Date "2002.10.13"]
[Round "6"]
[White "Stefansson,H"]
[Black "Sokolov,I"]
[Result "1/2-1/2"]
[WhiteElo "2566"]
[BlackElo "2684"]
[EventDate "2002.10.08"]

1. d4 d5 2. Nf3 c6 3. c4 Nf6 4. Nc3 dxc4 5. a4 Bf5 6. e3 e6 7. Bxc4 Bb4 8.
O-O O-O 9. Qe2 Ne4 10. Bd3 Bxc3 11. bxc3 Nxc3 12. Qc2 Bxd3 13. Qxd3 Nd5 14.
Ba3 Re8 15. Rab1 b6 16. Rfc1 a5 17. Ne5 Qc7 18. e4 Nb4 19. Bxb4 axb4 20.
Rxb4 c5 21. Qb5 Nc6 22. Qxb6 1/2-1/2

[Event "1st Milk Masters"]
[Site "Selfoss ISL"]
[Date "2002.10.13"]
[Round "6"]
[White "Tregubov,P"]
[Black "Hracek,Z"]
[Result "1-0"]
[WhiteElo "2594"]
[BlackElo "2607"]
[EventDate "2002.10.08"]

1. d4 Nf6 2. c4 e6 3. Nf3 d5 4. Nc3 dxc4 5. e4 Bb4 6. Bg5 c5 7. Bxc4 cxd4
8. Nxd4 Bxc3+ 9. bxc3 Qa5 10. Bb5+ Bd7 11. Bxf6 gxf6 12. Qb3 a6 13. Be2 Nc6
14. O-O Qc7 15. Qa3 Rc8 16. Rfd1 Ne5 17. c4 Qc5 18. Qb3 Ke7 19. Rab1 Nc6
20. Nf3 Rc7 21. Qb2 Rg8 22. Qd2 Rg6 23. Rb3 Be8 24. Rd3 Kf8 25. Qf4 Ne5 26.
Rd8 Nxf3+ 27. Bxf3 Rc8 28. Rxc8 Qxc8 29. h4 e5 30. Qe3 Qc7 31. Bh5 Rg7 32.
Qh6 Qe7 33. Bg4 Ba4 34. Rd3 Kg8 35. Bf5 Rg6 36. Bxg6 hxg6 37. h5 Qf8 38.
Qd2 Kg7 39. hxg6 fxg6 40. Qa5 Bc6 41. Qc7+ Qf7 42. Qxf7+ Kxf7 43. f3 f5 44.
exf5 gxf5 45. Rd6 f4 46. Kf2 Ke7 47. c5 Bb5 48. a3 Bc6 49. g3 fxg3+ 50.
Kxg3 Bd7 51. Kh4 Bc6 52. Kg4 Bd7+ 53. Rxd7+ 1-0

[Event "1st Milk Masters"]
[Site "Selfoss ISL"]
[Date "2002.10.14"]
[Round "7"]
[White "Sokolov,I"]
[Black "Olafsson,H"]
[Result "0-1"]
[WhiteElo "2684"]
[BlackElo "2476"]
[EventDate "2002.10.08"]

1. d4 Nf6 2. c4 e6 3. Nc3 Bb4 4. Qc2 O-O 5. a3 Bxc3+ 6. Qxc3 b6 7. Bg5 Bb7
8. e3 d6 9. f3 c5 10. dxc5 dxc5 11. Bd3 Nbd7 12. Rd1 h6 13. Bf4 e5 14. Bg3
e4 15. Bc2 exf3 16. gxf3 Re8 17. e4 Qe7 18. Bd6 Qe6 19. Ne2 Bxe4 20. Nf4
Bxc2+ 21. Nxe6 Rxe6+ 22. Kf2 Bxd1 23. Rxd1 Rae8 24. Rd2 Ne5 25. Bxe5 Rxe5
26. Rd8 Re2+ 27. Kf1 Rxd8 28. Kxe2 a5 29. Qb3 Rd6 30. Qb5 g5 31. Qa6 Nh5
32. Qc8+ Kg7 33. Qc7 Nf4+ 34. Kf1 Rf6 35. h4 g4 36. Kg1 gxf3 37. Kf1 f2 38.
Qe5 Ng6 39. Qg3 h5 40. Qg5 Rf4 41. b3 Rxh4 42. Qd8 Rf4 43. Qxb6 Rf5 44.
Qxa5 Ne5 45. Qxc5 Kg6 46. Qd6+ f6 47. b4 Ng4 48. Qg3 Kg5 49. b5 h4 50. Qh3
Re5 51. Qc3 h3 0-1

[Event "1st Milk Masters"]
[Site "Selfoss ISL"]
[Date "2002.10.14"]
[Round "7"]
[White "Kristjansson,S"]
[Black "Tregubov,P"]
[Result "0-1"]
[WhiteElo "2431"]
[BlackElo "2594"]
[EventDate "2002.10.08"]

1. e4 c5 2. Nf3 Nc6 3. d4 cxd4 4. Nxd4 Nf6 5. Nc3 e5 6. Ndb5 d6 7. Bg5 a6
8. Na3 b5 9. Nd5 Be7 10. Bxf6 Bxf6 11. c3 O-O 12. Nc2 Bg5 13. a4 bxa4 14.
Rxa4 a5 15. Bc4 Rb8 16. Ra2 Kh8 17. Nce3 g6 18. O-O f5 19. exf5 gxf5 20.
Qh5 e4 21. f4 exf3 22. gxf3 Bxe3+ 23. Nxe3 Ne5 24. Bd5 Ba6 25. Rd1 Bb7 26.
Kh1 Qb6 27. Rd4 f4 28. Bxb7 Rxb7 29. Nd5 Qb5 30. Ra1 Rg7 31. Rxf4 Rfg8 32.
Ne3 Nd3 33. Qh4 Qxb2 34. Rf1 Nf2+ 0-1

[Event "1st Milk Masters"]
[Site "Selfoss ISL"]
[Date "2002.10.14"]
[Round "7"]
[White "Thorfinnsson,Br"]
[Black "Stefansson,H"]
[Result "0-1"]
[WhiteElo "2357"]
[BlackElo "2566"]
[EventDate "2002.10.08"]

1. d4 Nf6 2. c4 g6 3. Nc3 d5 4. Bg5 Ne4 5. Bh4 Nxc3 6. bxc3 Bg7 7. Nf3 c5
8. e3 Nc6 9. Rc1 O-O 10. Be2 h6 11. O-O Be6 12. Qa4 g5 13. Bg3 Qa5 14. Qb3
Qb6 15. Nd2 dxc4 16. Bxc4 Qxb3 17. Bxb3 Bf5 18. Rfd1 Rac8 19. h4 Rfd8 20.
hxg5 hxg5 21. e4 Bg6 22. d5 Na5 23. c4 Bb2 24. Rb1 Bc3 25. f3 e6 26. Rbc1
Bb2 27. Rc2 Bg7 28. Bf2 f5 29. Re1 fxe4 30. fxe4 Nxb3 31. Nxb3 b6 32. Rcc1
Bb2 33. Rcd1 exd5 34. exd5 Re8 35. Re3 Bf6 36. Rde1 Kf7 37. Nd2 Rxe3 38.
Rxe3 Re8 39. Ra3 Re7 40. g4 Bb2 41. Rf3+ Kg7 42. Re3 Rf7 43. Bg3 Bd4 44.
Be5+ Bxe5 45. Rxe5 Rf4 46. Re7+ Kf6 47. Rxa7 Rd4 48. Nf3 Rxg4+ 49. Kf2 Rf4
50. Kg3 Bh5 51. Ra3 Rg4+ 52. Kf2 Rxc4 53. Re3 Rf4 0-1

[Event "1st Milk Masters"]
[Site "Selfoss ISL"]
[Date "2002.10.15"]
[Round "8"]
[White "Oral,T"]
[Black "Kristjansson,S"]
[Result "1-0"]
[WhiteElo "2546"]
[BlackElo "2431"]
[EventDate "2002.10.08"]

1. e4 e6 2. d4 d5 3. Nc3 Bb4 4. Bd3 c5 5. exd5 Qxd5 6. Bd2 Bxc3 7. Bxc3
cxd4 8. Bxd4 Qxg2 9. Qf3 Qxf3 10. Nxf3 f6 11. Rg1 Kf7 12. O-O-O Nc6 13. Bc5
Nge7 14. Nd2 Nf5 15. Nc4 g5 16. f4 h6 17. Be4 Rd8 18. Rxd8 Nxd8 19. Rd1 Nc6
20. b4 gxf4 21. b5 Ne5 22. Nxe5+ fxe5 23. Rd8 Nd4 24. a4 f3 25. Kb2 f2 26.
Rf8+ Kg7 27. Rxf2 Bd7 28. Bd6 Nf5 29. Bxb7 Rg8 30. Rg2+ Kf7 31. Rxg8 Nxd6
32. Rb8 e4 33. Kc3 e3 34. Kd3 Nc4 35. Bc6 Ne5+ 36. Kxe3 Nxc6 37. bxc6 Bxc6
38. a5 Ke7 39. Rh8 1-0

[Event "1st Milk Masters"]
[Site "Selfoss ISL"]
[Date "2002.10.15"]
[Round "8"]
[White "Stefansson,H"]
[Black "Olafsson,H"]
[Result "1-0"]
[WhiteElo "2566"]
[BlackElo "2476"]
[EventDate "2002.10.08"]

1. e4 c5 2. Nf3 d6 3. d4 cxd4 4. Nxd4 Nf6 5. Nc3 a6 6. Be3 e5 7. Nb3 Be6 8.
f3 Nc6 9. Nd5 Bxd5 10. exd5 Ne7 11. c4 g6 12. Bd3 Bg7 13. O-O O-O 14. Nd2
Qd7 15. Ne4 Nxe4 16. fxe4 f5 17. Bb6 Nc8 18. Bf2 a5 19. Qb3 b6 20. Qb5 Qxb5
21. cxb5 Bh6 22. Rae1 Ra7 23. Re2 Rc7 24. Rc2 Rxc2 25. Bxc2 Bd2 26. a3 fxe4
27. Bxe4 Rf4 28. Bd3 e4 29. Be2 e3 30. Bg3 Rd4 31. Rf4 Rxf4 32. Bxf4 Kf7
33. a4 Kf6 34. h4 Ne7 35. Bxd6 Nxd5 36. Kf1 Bb4 37. Bb8 Bc5 38. Bf3 Nb4 39.
Ke2 h6 40. Bc7 Bd4 41. Be4 Bc5 42. Kf3 Bd4 43. g4 Na2 44. Bd8+ Kg7 45. Bd5
Nb4 46. Bc4 Bc5 47. Ke4 Nc2 48. g5 hxg5 49. hxg5 Kf8 50. Bf6 Ne1 51. Be5
Ke7 52. Bf6+ Kd6 53. Bf1 Ke6 54. Bc3 Nc2 55. Bd3 Nb4 56. Bc4+ Ke7 57. Bf6+
Kd6 58. Be5+ Ke7 59. Bf4 Nc2 60. Bd3 Kf7 61. Be5 Ne1 62. Be2 Nc2 63. Bc3
Ke6 64. Bg4+ Kd6 65. Bd1 Nb4 66. Bb3 Kd7 67. Kf3 Ke8 68. Bf6 Kf8 69. Ke2
Ke8 70. Be5 Ke7 71. Bf4 Ke8 72. Bxe3 Bxe3 73. Kxe3 Kf8 74. Ke4 Ke8 75. Kd4
Kf8 76. Bd1 Kf7 77. Be2 Kf8 78. Bd3 Kf7 79. Be4 1-0

[Event "1st Milk Masters"]
[Site "Selfoss ISL"]
[Date "2002.10.16"]
[Round "9"]
[White "Kristjansson,S"]
[Black "Thorfinnsson,Br"]
[Result "1/2-1/2"]
[WhiteElo "2431"]
[BlackElo "2357"]
[EventDate "2002.10.08"]

1. e4 c5 2. Nf3 d6 3. d4 cxd4 4. Nxd4 Nf6 5. Nc3 Nc6 6. Bc4 e6 7. Be3 a6 8.
Qe2 Be7 9. O-O-O Qc7 10. Bb3 Na5 11. g4 Nxb3+ 12. axb3 b5 13. g5 Nd7 14.
Nf5 exf5 15. Nd5 Qd8 16. exf5 Bb7 17. f6 gxf6 18. Rhe1 Bxd5 19. Rxd5 Rg8
20. gxf6 Nxf6 21. Rf5 Ng4 22. Rg5 Rxg5 23. Bxg5 Ne5 24. Bxe7 Qxe7 25. f4
Nd3+ 26. cxd3 Qxe2 1/2-1/2

[Event "1st Milk Masters"]
[Site "Selfoss ISL"]
[Date "2002.10.16"]
[Round "9"]
[White "Hracek,Z"]
[Black "Stefansson,H"]
[Result "1/2-1/2"]
[WhiteElo "2607"]
[BlackElo "2566"]
[EventDate "2002.10.08"]

1. d4 Nf6 2. c4 e6 3. Nf3 b6 4. g3 Ba6 5. b3 Bb4+ 6. Bd2 Be7 7. Bg2 c6 8.
Bc3 d5 9. Ne5 Nfd7 10. Nxd7 Nxd7 11. Nd2 O-O 12. O-O Nf6 13. e4 b5 14. Re1
bxc4 15. bxc4 dxc4 16. Qa4 Bb5 17. Qc2 Qc7 18. Nf1 Rfd8 19. Ne3 a5 20. Rab1
Bb4 21. Red1 Bxc3 22. Qxc3 Rd7 23. Nxc4 Bxc4 24. Qxc4 Rad8 25. e5 Nd5 26.
Rbc1 g6 27. Qxc6 1/2-1/2